| 000 | 00777nam a22001697a 4500 | ||
|---|---|---|---|
| 003 | OSt | ||
| 005 | 20170105102937.0 | ||
| 020 | _a0706987519 | ||
| 040 | _a0 | ||
| 082 |
_a355.033054 _bSOU 1995 |
||
| 245 |
_aSouth Asia's security _bprimacy of internal dimension _c Bangladesh Institute of International and Strategic Studies (BIISS) |
||
| 260 |
_aNew Delhi _bVikas Pub. House _c1995 |
||
| 300 |
_a440 p.; _c24cm |
||
| 520 | _aCommunications faites au séminaire international sur "South Asia's Security in the 1990s: Primacy of Internal Dimension", 5-7 janvier 1992, organisé par "the Bangladesh Institute of International and Strategic Studies" à Dhaka, Bangladesh. | ||
| 650 | _aNational security -- South Asia -- Congresses. National security. South Asia. | ||
| 942 |
_2ddc _cBK |
||
| 999 |
_c16336 _d16336 |
||